Ecología del Dacnis turquesa (Dacnis hartlaubi) en la zona cafetera de Támesis, Antioquia (Registro nro. 3023)

Detalles MARC
000 -CABECERA
Campo de control 01257nam a2200253 a 4500
005 - FECHA Y HORA DE LA ULTIMA TRANSACCION
Campo de control 20150827151743.0
008 - ELEMENTOS DE LONGITUD FIJA—INFORMACION GENERAL
Campo de control 140122b2002 ck ||||| |||| 00| 0 spa d
041 ## - IDIOMA
Código de idioma para texto/pista de sonido o título separado Español
044 ## - PAÍS DE PUBLICACIÓN
País de publicación Colombia
090 ## - CLASIFICACIÓN LOCAL
Colección IAvH
Consecutivo 00230
100 ## - ASIENTO PRINCIPAL--NOMBRE PERSONAL
Nombre personal Botero, Jorge E.
245 ## - MENCION DE TITULO
Título Ecología del Dacnis turquesa (Dacnis hartlaubi) en la zona cafetera de Támesis, Antioquia
260 ## - PUBLICACION, DISTRIBUCION, ETC. (PIE DE IMPRENTA)
Lugar de publicación, distribución, etc. Bogotá
Nombre del editor, distribuidor, etc. Cenicafé
Fecha de publicación, distribución, etc. 2002
300 ## - DESCRIPCION FISICA
Extensión 22 p.
520 ## - NOTA DE RESUMEN, ETC.
Nota de resumen Se recopila información básica sobe la ecología de esta especie endémica, se estudian sus poblaciones, examinando su abundancia relativa, aspectos de su ecología y comportamiento, y se formulan recomendaciones para la conservación de sus poblaciones en la región, como la siembra de árboles, como el patudo y el higuerón, estudios adicionales sobre la especie y sobre su hábitat, y campañas de educación dirigidas a los caficultores y miembros de otros sectores productivos de la zona
650 ## - ASIENTO SECUNDARIO DE MATERIA - TERMINO TEMATICO
Término temático o nombre geográfico como elemento de entrada Aves endémicas
650 ## - ASIENTO SECUNDARIO DE MATERIA - TERMINO TEMATICO
Término temático o nombre geográfico como elemento de entrada Distribución biodiversidad
650 ## - ASIENTO SECUNDARIO DE MATERIA - TERMINO TEMATICO
Término temático o nombre geográfico como elemento de entrada Especies en extinción
700 ## - ASIENTO SECUNDARIO - NOMBRE PERSONAL
Nombre personal Baptiste, María Piedad
700 ## - ASIENTO SECUNDARIO - NOMBRE PERSONAL
Nombre personal Torres, Giovanni
700 ## - ASIENTO SECUNDARIO - NOMBRE PERSONAL
Nombre personal Verhelst, Juan Carlos
700 ## - ASIENTO SECUNDARIO - NOMBRE PERSONAL
Nombre personal Orrego Santa, Oscar
942 ## - ELEMENTOS ADICIONALES (KOHA)
Tipo de ítem Informe Técnico
Sistema de clasificación Local
Existencias
Withdrawn status Lost status Sistema de Clasificación Damaged status No para préstamo Colección Inventariado Ubicación Permanente Ubicación actual Fecha de adquisición Fuente de Valor Total Checkouts Número topográfico Inventario / Código de Barras Date last seen Ejemplar Price effective from Forma de adquisición Tipo de material
    Local     Humboldt Inventariado 2017 Bogotá Bogotá 05/02/2003 Franco,Ana María   IAvH-00230 004210 09/08/2024 Ej. 1 04/12/2012   Informe Técnico